Justicia y paz (Record no. 2995)

MARC details
000 -LEADER
campo de control de longitud fija 01469cac a2200337 a 4500
003 - IDENTIFICADOR DE NÚMERO DE CONTROL
campo de control Co-PeBPM
005 - FECHA Y HORA DE LA ÚLTIMA TRANSACCIÓN
campo de control 20260407121738.0
007 - CAMPO FIJO DE DESCRIPCIÓN FÍSICA--INFORMACIÓN GENERAL
campo de control de longitud fija ta
008 - DATOS DE LONGITUD FIJA--INFORMACIÓN GENERAL
campo de control de longitud fija 160713s2012 ck ab g 000 0 spa
020 ## - NÚMERO INTERNACIONAL ESTÁNDAR DEL LIBRO
Número Internacional Estándar del Libro 9789585760813
040 0# - FUENTE DE CATALOGACIÓN
Centro catalogador/agencia de origen Co-PeBPM
Lengua de catalogación spa
Centro/agencia transcriptor Co-PeBPM
Normas de descripción rda
041 0# - CÓDIGO DE IDIOMA
Código de lengua del texto/banda sonora o título independiente spa
082 04 - NÚMERO DE LA CLASIFICACIÓN DECIMAL DEWEY
Número de clasificación 303.609861 S165j
Número de edición 22
110 1# - ENTRADA PRINCIPAL--NOMBRE DE ENTIDAD CORPORATIVA
Nombre de entidad corporativa o nombre de jurisdicción como elemento de entrada Comisión Nacional de Reparación y Conciliación (Colombia). Centro de Memoria Histórica
9 (RLIN) 87505
245 10 - MENCIÓN DEL TÍTULO
Título Justicia y paz
Resto del título : tierras y territorios en las versiones de los paramilitares
Mención de responsabilidad, etc. / Yamile Salinas Abdala, Juan Manuel Zarama Santacruz ; Centro Nacional de Memoria Histórica
250 ## - MENCION DE EDICION
Mención de edición Edición especial
264 ## - PRODUCCIÓN, PUBLICACIÓN, DISTRIBUCIÓN, FABRICACIÓN Y COPYRIGHT
Producción, publicación, distribución, fabricación y copyright Bogotá, Colombia
Nombre del de productor, editor, distribuidor, fabricante : Editorial Taurus
Fecha de producción, publicación, distribución, fabricación o copyright , 2012
300 ## - DESCRIPCIÓN FÍSICA
Extensión 232 páginas
Otras características físicas : ilustraciones, gráficas, mapas a color
Dimensiones ; 23 centímetros
490 ## - MENCIÓN DE SERIE
Mención de serie Plan Nacional de Lectura y Escritura Leer es mi Cuento. 2013
500 ## - NOTA GENERAL
Nota general Incluye referencias
650 17 - PUNTO DE ACCESO ADICIONAL DE MATERIA--TÉRMINO DE MATERIA
Término de materia o nombre geográfico como elemento de entrada Justicia social
Fuente del encabezamiento o término LEMB
Subdivisión geográfica Colombia
9 (RLIN) 55176
650 17 - PUNTO DE ACCESO ADICIONAL DE MATERIA--TÉRMINO DE MATERIA
Término de materia o nombre geográfico como elemento de entrada Conflicto armado
Fuente del encabezamiento o término LEMB
Subdivisión geográfica Colombia
9 (RLIN) 4301
650 17 - PUNTO DE ACCESO ADICIONAL DE MATERIA--TÉRMINO DE MATERIA
Término de materia o nombre geográfico como elemento de entrada Autodefensas unidas de colombia
Fuente del encabezamiento o término LEMB
9 (RLIN) 87506
650 17 - PUNTO DE ACCESO ADICIONAL DE MATERIA--TÉRMINO DE MATERIA
Término de materia o nombre geográfico como elemento de entrada Proceso de paz
Fuente del encabezamiento o término LEMB
Subdivisión general Aspectos políticos
Subdivisión geográfica Colombia
9 (RLIN) 87507
650 17 - PUNTO DE ACCESO ADICIONAL DE MATERIA--TÉRMINO DE MATERIA
Término de materia o nombre geográfico como elemento de entrada Justicia transicional
Fuente del encabezamiento o término LEMB
Subdivisión geográfica Colombia
9 (RLIN) 85024
650 17 - PUNTO DE ACCESO ADICIONAL DE MATERIA--TÉRMINO DE MATERIA
Término de materia o nombre geográfico como elemento de entrada Reinserción
Fuente del encabezamiento o término LEMB
Subdivisión geográfica Colombia
9 (RLIN) 87508
700 1# - ENTRADA AGREGADA--NOMBRE PERSONAL
Nombre de persona Salinas Abdala, Yamile
Término indicativo de función/relación relator
9 (RLIN) 87509
700 1# - ENTRADA AGREGADA--NOMBRE PERSONAL
Nombre de persona Bello, Martha Nubia
Término indicativo de función/relación investigadora
9 (RLIN) 87510
700 1# - ENTRADA AGREGADA--NOMBRE PERSONAL
Nombre de persona Sánchez Gómez, Gonzálo
Fechas asociadas al nombre 1945-
Término indicativo de función/relación director
9 (RLIN) 87511
942 ## - ELEMENTOS DE ENTRADA SECUNDARIOS (KOHA)
Fuente del sistema de clasificación o colocación Clasificación Decimal Dewey
Tipo de ítem Koha Libros
Holdings
Estatus retirado Estado de pérdida Fuente del sistema de clasificación o colocación Estado de daño No para préstamo Colección Biblioteca de origen Biblioteca actual Ubicación en estantería Fecha de adquisición Total de préstamos Signatura topográfica completa Código de barras Visto por última vez Copia número Precio de reemplazo Tipo de ítem Koha Fuente de adquisición
    Clasificación Decimal Dewey     General BIBLIOTECA HUGO ANGEL JARAMILLO BIBLIOTECA HUGO ANGEL JARAMILLO Colección general 18/12/2023   322.42 S15 62148 18/12/2023 Ej, 1 18/12/2023 Libros Dotación Min yCultura BNC
    Clasificación Decimal Dewey     General BIBLIOTECA PÚBLICA MUNICIPAL RAMON CORREA MEJIA BIBLIOTECA PÚBLICA MUNICIPAL RAMON CORREA MEJIA Colección general 22/11/2023   303.609861 S165j 34810 22/11/2023 Ej 1 22/11/2023 Libros  
    Clasificación Decimal Dewey     General BIBLIOTECA PÚBLICA MUNICIPAL RAMON CORREA MEJIA BIBLIOTECA PÚBLICA MUNICIPAL RAMON CORREA MEJIA Colección general 22/11/2023   303.609861 S165j 26399 22/11/2023 Ej 2 22/11/2023 Libros  
    Clasificación Decimal Dewey     General BIBLIOTECA PÚBLICA MUNICIPAL RAMON CORREA MEJIA BIBLIOTECA PÚBLICA MUNICIPAL RAMON CORREA MEJIA Colección general 25/02/2015   322.42 J96ju 34815 29/11/2023 1 29/11/2023 Libros  
    Clasificación Decimal Dewey     General BIBLIOTECA PÚBLICA MUNICIPAL RAMON CORREA MEJIA BIBLIOTECA PÚBLICA MUNICIPAL RAMON CORREA MEJIA Colección general 03/02/2025   303.609861 S165j 60906 03/02/2025 Ej.3 03/02/2025 Libros  

Powered by Koha